<?xml version="1.0" encoding="UTF-8"?>
<record
    xmlns:xsi="http://www.w3.org/2001/XMLSchema-instance"
    xsi:schemaLocation="http://www.loc.gov/MARC21/slim http://www.loc.gov/standards/marcxml/schema/MARC21slim.xsd"
    xmlns="http://www.loc.gov/MARC21/slim">

  <leader>00669nam a2200193Ia 4500</leader>
  <controlfield tag="001">65790</controlfield>
  <controlfield tag="003">OSt</controlfield>
  <controlfield tag="005">20150622112924.0</controlfield>
  <controlfield tag="008">150403s9999    xx            000 0 und d</controlfield>
  <datafield tag="040" ind1=" " ind2=" ">
    <subfield code="c">PK-LaUMT</subfield>
  </datafield>
  <datafield tag="082" ind1=" " ind2=" ">
    <subfield code="a"> 954.03</subfield>
    <subfield code="b">ADE-T</subfield>
  </datafield>
  <datafield tag="100" ind1=" " ind2=" ">
    <subfield code="a">Adeel Abbasi, Qazi Muhammad(&#x639;&#x62F;&#x6CC;&#x644; &#x639;&#x628;&#x627;&#x633;&#x6CC;&#x60C; &#x642;&#x627;&#x636;&#x6CC; &#x645;&#x62D;&#x645;&#x62F;)</subfield>
  </datafield>
  <datafield tag="245" ind1=" " ind2=" ">
    <subfield code="a">Tahreek-e-khilafat (Urdu)(&#x62A;&#x627;&#x631;&#x6CC;&#x62E; &#x62E;&#x644;&#x627;&#x641;&#x62A;)</subfield>
    <subfield code="c">Adeel Abbasi, Qazi Muhammad(&#x639;&#x62F;&#x6CC;&#x644; &#x639;&#x628;&#x627;&#x633;&#x6CC;&#x60C; &#x642;&#x627;&#x636;&#x6CC; &#x645;&#x62D;&#x645;&#x62F;)</subfield>
  </datafield>
  <datafield tag="260" ind1=" " ind2=" ">
    <subfield code="a">Lahore,Pakistan:(&#x644;&#x627;&#x6C1;&#x648;&#x631;&#x60C; &#x67E;&#x627;&#x6A9;&#x633;&#x62A;&#x627;&#x646; )</subfield>
    <subfield code="b">Z. A. Publishers,(&#x632;&#x6CC;&#x688; &#x627;&#x6D2; &#x67E;&#x628;&#x644;&#x634;&#x631;&#x632;)</subfield>
    <subfield code="c">N.D.</subfield>
  </datafield>
  <datafield tag="300" ind1=" " ind2=" ">
    <subfield code="a">279 p.</subfield>
  </datafield>
  <datafield tag="546" ind1=" " ind2=" ">
    <subfield code="a">UR</subfield>
  </datafield>
  <datafield tag="650" ind1=" " ind2=" ">
    <subfield code="a">Pakistani literature-Urdu</subfield>
  </datafield>
  <datafield tag="942" ind1=" " ind2=" ">
    <subfield code="c">BK</subfield>
    <subfield code="2">ddc</subfield>
  </datafield>
  <datafield tag="999" ind1=" " ind2=" ">
    <subfield code="c">69099</subfield>
    <subfield code="d">69099</subfield>
  </datafield>
  <datafield tag="952" ind1=" " ind2=" ">
    <subfield code="0">0</subfield>
    <subfield code="1">0</subfield>
    <subfield code="4">0</subfield>
    <subfield code="7">0</subfield>
    <subfield code="a">01</subfield>
    <subfield code="b">01</subfield>
    <subfield code="d">2015-04-03</subfield>
    <subfield code="l">2</subfield>
    <subfield code="o"> 954.03 ADE-T</subfield>
    <subfield code="p">89383</subfield>
    <subfield code="r">2023-09-08 00:00:00</subfield>
    <subfield code="s">2023-08-08</subfield>
    <subfield code="w">2015-04-03</subfield>
    <subfield code="y">BK</subfield>
  </datafield>
</record>
